Pracovný zošit z náboženskej výchovy pre 1. ročník základnej školy : Pravoslávna cirkev na Slovensku

Bibliographic Details
Main Authors: Zozuľak, Ján, 1968- (Author), Pilko, Ján, 1980- (Author, Illustrator)
Format: Book
Language:Slovak
PhysicalDescription:49, [1] s. ilustr. príl. ilustr. 30 cm
Published: Prešov NITECH 2011
ISBN:9788089196241
Edition:1. vyd.
Subjects:

MARC

LEADER 00000cam a2200000 a 4500
001 vtls010424407
003 SK-MaSNL
005 20260301214118.0
008 240314s2011 xo a b 000 0 slo
015 |a SNBA2013 
020 |a 9788089196241  |q (brož.) 
035 |a DDD31F59-DA08-41C5-9A46-E5013B7856CD 
035 |a urn:nbn:sk:snk-amjy18 
035 |a urn:nbn:sk:snk-am007zsn 
040 |a SNK  |b slo  |c SNK  |e AACR2 
041 0 |a slo 
043 |a e-xo--- 
044 |a xo  |c SK 
072 7 |a 27  |x Kresťanstvo. Kresťanská cirkev všeobecne. Ekleziológia  |2 konspekt 
072 7 |a 37.016  |x Učebné osnovy. Vyučovacie predmety. Učebnice  |2 konspekt 
080 |a 2-47  |2 2001 
080 |a 271.2-1/-9  |2 2001 
080 |a 37.016  |2 2001 
080 |a (075.2)  |2 2001 
080 |a (076.1)  |2 2001 
100 1 |a Zozuľak, Ján,  |d 1968-  |4 aut  |9 258846 
245 1 0 |a Pracovný zošit z náboženskej výchovy  |b pre 1. ročník základnej školy : Pravoslávna cirkev na Slovensku  |c Ján Zozuľak, Ján Pilko 
250 |a 1. vyd. 
260 |a Prešov  |b NITECH  |c 2011 
300 |a 49, [1] s. ilustr. príl.  |b ilustr.  |c 30 cm 
650 0 7 |a náboženská výchova  |2 SNKPH  |9 67239 
650 0 7 |a pravoslávne náboženstvo  |2 SNKPH  |9 4091 
650 0 7 |a Religious education  |2 SNKPHeng  |9 319854 
650 0 7 |a Orthodox church  |2 SNKPHeng  |9 331364 
655 7 |a učebnice základných škôl  |2 SNKPH  |9 70187 
655 7 |a pracovné zošity  |2 SNKPH  |9 70188 
655 7 |a Textbooks (elementary)  |2 SNKPHeng  |9 276977 
655 7 |a Activity books  |2 SNKPHeng  |9 302885 
700 1 |a Pilko, Ján,  |d 1980-  |4 aut  |4 ill  |9 215063 
919 |a 978-80-89196-24-1 
958 |a NT 
999 |c 923767  |d 925697 
952 |a SNK  |b SNK  |y PREZ  |7 0  |p 17A1061503  |o snkSB 84417  |i snk2013/1848  |8 0  |0 0  |1 0  |4 0  |d 2013-01-25  |f 1  |l 0  |r 2025-05-07 00:00:00  |w 2026-02-24 
952 |a SNK  |b SNK  |y VYP  |7 0  |p 17A1061502  |o snkSB 84417 D1  |i snk2013/1849  |8 0  |0 0  |1 0  |4 0  |d 2013-01-25  |l 0  |r 2026-04-20 10:45:34  |w 2026-02-24